| 000 | 01234cam a2200325Ii 4500 | ||
|---|---|---|---|
| 999 |
_c6336 _d6336 |
||
| 001 | 136526 | ||
| 003 | GBCCL | ||
| 005 | 20241126110601.0 | ||
| 008 | 780424s1977 mou b 000 0 eng d | ||
| 010 | _a 77075023 | ||
| 020 |
_a0882439081 (pbk.) : _c$1.50 |
||
| 020 | _a9780882439082 (pbk.) | ||
| 035 | _a(OCoLC)ocm03824065 | ||
| 035 | _a(OCoLC)3824065 | ||
| 040 |
_aBCT _cBCT _dBAKER _dOCLCQ _dLBB |
||
| 049 | _aLBBK | ||
| 082 |
_a289.94 _bCAR |
||
| 100 | 1 |
_aCarlson, Guy Raymond _d1918- _911357 |
|
| 245 | 1 | 0 |
_aOur faith and fellowship: _bA study of the Assemblies of God history and beliefs / _cG. Raymond Carlson. |
| 260 |
_aSpringfield, Mo. : _bRadiant Books, _cc1977. |
||
| 300 |
_a128 p. ; _c18 cm. |
||
| 500 | _a"Adapted from the Christian Faith Series manual Our faith and fellowship by Ralph W. Harris, c1963 by the Gospel Publishing House." | ||
| 500 | _aOn cover: A study of the Assemblies of God history and beliefs. | ||
| 500 | _a"Errata" slip inserted. | ||
| 504 | _aIncludes bibliographical references (124-126). | ||
| 610 | 2 | 0 |
_aAssemblies of God. _bGeneral Council _xDoctrinal and controversial works. _911358 |
| 650 |
_aAssemblies of God _xDoctrines _911359 |
||
| 650 |
_aTheology _9631 |
||
| 942 |
_2ddc _cBK |
||